LEADER 06980nam 2201513Ia 450 001 9910969865503321 005 20251107091815.0 010 $a979-82-16-42515-1 010 $a979-82-16-21273-7 010 $a1-283-63996-3 010 $a1-4422-0469-9 024 7 $a10.5040/9798216425151 035 $a(CKB)2670000000277592 035 $a(EBL)1039018 035 $a(OCoLC)845246735 035 $a(SSID)ssj0000832449 035 $a(PQKBManifestationID)12336843 035 $a(PQKBTitleCode)TC0000832449 035 $a(PQKBWorkID)10899066 035 $a(PQKB)11559302 035 $a(MiAaPQ)EBC1039018 035 $a(OCoLC)1249705667$z(OCoLC)816562841$z(OCoLC)845246735$z(OCoLC)962127830$z(OCoLC)985334571$z(OCoLC)1053885009$z(OCoLC)1066619395$z(OCoLC)1083556416 035 $a(UkLoBP)BP9798216425151BC 035 $a(EXLCZ)992670000000277592 100 $a20110824d2012 uy 0 101 0 $aeng 135 $aur|n|---||||| 181 $ctxt 182 $cc 183 $acr 200 00$aResearch on schools, neighborhoods, and communities $etoward civic responsibility /$fWilliam F. Tate IV, editor 205 $a1st ed. 210 $aLanham $cRowman & Littlefield Publishers$d2012 210 2$aNew York :$cBloomsbury Publishing(US),$d2012. 215 $a1 online resource (565 p.) 300 $aPublished for the American Educational Research Association. 311 08$a1-4422-0467-2 311 08$a1-4422-0468-0 320 $aIncludes chapter notes and bibliographical references at chapter ends, and index. 327 $aContents; Acknowledgments; Introduction; Part I: CONCEPTUALIZING URBAN SPACE; Chapter 01. Neighborhood Inequality, Violence, and the Social Infrastructure of the American City; Chapter 02. Toward a Theory of Place; Chapter 03. Urban Opportunity Structure and Racial/Ethnic Polarization; Chapter 04. Racial Segregation in Multiethnic Schools; Part II: THE GROWING COMPLEXITY OF METROPOLITAN AMERICA; Chapter 05. Suburbanization and School Segregation; Chapter 06. Schools Matter; Chapter 07. Still Separate, Still Unequal, But Not Always So "Suburban" 327 $aChapter 08. Adding Geospatial Perspective to Research on Schools, Communities, and NeighborhoodsPart III: TEACHING AND LEARNING RESEARCH IN SOCIAL CONTEXT; Chapter 09. Conceptual and Methodological Challenges to a Cultural and Ecological Framework for Studying Human Learning and Development; Chapter 10. An Ecological and Activity TheoreticApproach to Studying Diasporic and Nondominant Communities; Chapter 11. Reconstructing Education in America; Chapter 12. Can School Improvement Reduce Racial Inequality?; Chapter 13. Seeing Our Way Into Learning Science in Informal Environments 327 $aChapter 14. No Color NecessaryChapter 15. Taking Math and Science to Black Parents; Part IV: RESEARCH ON HUMAN DEVELOPMENT, HEALTH, AND HUMAN SERVICE PROVIDERS IN SOCIAL CONTEXT; Chapter 16. Maximizing Culturally and Contextually Sensitive Assessment Strategies in Developmental and Educational Research; Chapter 17. Immigrant Children; Chapter 18. Delivering High-Quality Public Services to Vulnerable Families and Children in America's Cities; Chapter 19. Health Disparities Among African Americans in Urban Populations; Chapter 20. A "Tragic Dichotomy"; Chapter 21. Pandemic Preparedness 327 $aPart V: CASE STUDIES OF METROPOLITAN COMMUNITIESChapter 22. Urban America in Distress; Chapter 23. God's Will or Government Policy?; EPILOGUE; Chapter 24. Research Infrastructure for Improving Urban Education; Chapter 25. The White House Office of Urban Affairs; Chapter 26. Toward Civic Responsibility and Civic Engagement; Index; About the Contributors 330 $aThis volume focuses on research and theoretical developments related to the role of geography in education, human development, and health. Multiple disciplinary perspectives provide the strengths and problems in our communities. Research in this presidential volume provides historical, moral, and scientifically based arguments to inform understandings of civic problems and possible solutions. 517 3 $aToward civic responsibility 606 $aEducational sociology$2fast$3(OCoLC)fst00903596 606 $aEducational equalization$2fast$3(OCoLC)fst00903418 606 $aCommunity and school$2fast$3(OCoLC)fst00870669 606 $aSOCIAL SCIENCE / Sociology / Urban$2bisacsh 606 $aPSYCHOLOGY / Education & Training$2bisacsh 606 $aCommunity and school$zUnited States 606 $aEDUCATION / Multicultural Education$2bisacsh 606 $aEDUCATION / Higher$2bisacsh 606 $aEDUCATION / Evaluation$2bisacsh 606 $aEDUCATION / Research$2bisacsh 606 $aEducational equalization$zUnited States 606 $aPOLITICAL SCIENCE / General$2bisacsh 606 $aEducational sociology$zUnited States 607 $aUnited States$2fast$1https://id.oclc.org/worldcat/entity/E39PBJtxgQXMWqmjMjjwXRHgrq 608 $aInstructional and educational works.$2fast 608 $aInstructional and educational works.$2lcgft 615 7$aEducational sociology. 615 7$aEducational equalization. 615 7$aCommunity and school. 615 7$aSOCIAL SCIENCE / Sociology / Urban. 615 7$aPSYCHOLOGY / Education & Training. 615 0$aCommunity and school 615 7$aEDUCATION / Multicultural Education. 615 7$aEDUCATION / Higher. 615 7$aEDUCATION / Evaluation. 615 7$aEDUCATION / Research. 615 0$aEducational equalization 615 7$aPOLITICAL SCIENCE / General. 615 0$aEducational sociology 676 $a371.19 686 $aEDU037000$aEDU011000$aEDU015000$aEDU020000$aPOL000000$aPSY012000$aSOC026030$2bisacsh 701 $aTate$b William F.$cIV.$01270652 712 02$aBloomsbury (Firm), 801 0$bDLC 801 1$bDLC 801 2$bOCLCO 801 2$bYDX 801 2$bYDXCP 801 2$bN$T 801 2$bE7B 801 2$bCDX 801 2$bOCLCF 801 2$bTEFOD 801 2$bIDEBK 801 2$bAGLDB 801 2$bICA 801 2$bCNNOR 801 2$bVGM 801 2$bMHW 801 2$bMEAUC 801 2$bOKU 801 2$bDEBSZ 801 2$bBUF 801 2$bD6H 801 2$bVTS 801 2$bSTF 801 2$bWYU 801 2$bS8J 801 2$bG3B 801 2$bS9I 801 2$bA6Q 801 2$bDKC 801 2$bM8D 801 2$bUKAHL 801 2$bOL$ 801 2$bK6U 801 2$bINARC 801 2$bOCLCO 801 2$bTXI 801 2$bOCLCQ 801 2$bOCL 801 2$bOCLCO 801 2$bOCLCL 801 2$bCLOUD 801 2$bOCLCO 801 2$bOCLCQ 801 2$bS9M 801 2$bOCLCO 801 2$bOCLCL 801 2$bUtOrBLW 906 $aBOOK 912 $a9910969865503321 996 $aResearch on schools, neighborhoods, and communities$94425128 997 $aUNINA